|
|
|
|
| LEADER |
01000pam a2200289 a 4500 |
| 001 |
2286 |
| 003 |
BD-DhAAL |
| 005 |
20150310101100.0 |
| 008 |
150310s1991 ilua b 001 0 eng |
| 010 |
|
|
|a 90044096
|
| 020 |
|
|
|a 0256083738
|
| 040 |
|
|
|a DLC
|c DLC
|d DLC
|d BD-DhAAL
|
| 050 |
0 |
0 |
|a HD30.25
|b .T87 1991
|
| 082 |
0 |
0 |
|a 658.4/03
|2 20
|
| 100 |
1 |
|
|a Turban, Efraim.
|9 9290
|
| 245 |
1 |
0 |
|a Fundamentals of management science /
|c Efraim Turban, Jack R. Meredith.
|
| 250 |
|
|
|a 5th ed.
|
| 260 |
|
|
|a Homewood, IL :
|b Irwin,
|c c1991.
|
| 300 |
|
|
|a xiv, 1010 p. :
|b ill. ;
|c 25 cm.
|
| 504 |
|
|
|a Includes bibliographical references and index.
|
| 541 |
|
|
|e 2286
|
| 650 |
|
0 |
|a Management
|x Mathematical models.
|9 9291
|
| 650 |
|
0 |
|a Management science.
|9 9286
|
| 700 |
1 |
|
|a Meredith, Jack R.
|9 8945
|
| 942 |
|
|
|2 ddc
|c BK
|
| 999 |
|
|
|c 33948
|d 33948
|
| 952 |
|
|
|0 0
|1 0
|2 ddc
|4 0
|6 658_403000000000000_TUB
|7 0
|9 52985
|a SCL
|b SCL
|c GEN
|d 2015-03-10
|e Gift: The Asia Foundation
|l 0
|o 658.403 TUB
|p 3020002286
|r 2015-03-10
|t 1
|w 2015-03-10
|y BK
|